| 000 | 00908nam a2200217Ia 4500 | ||
|---|---|---|---|
| 003 | GCL | ||
| 008 | 140319s9999 xx 000 0 ara d | ||
| 020 | _a8548500977 | ||
| 040 |
_aGCL / _cGCL |
||
| 082 | 0 | 4 |
_a621.38832 _bف ت |
| 100 | 1 | _aفاروق محمد العامرى | |
| 245 | 1 | 0 |
_aالترانزستور فى المشروعات العملية=transistor in Applies projects : _bهذا الكتاب يقدم تصميما لاكثر من مائة دائرة ترانزستور عملية تستخدم فى جميع الاجهزة الالكترونية / _cفاروق محمد العامرى |
| 250 | _aالاولى | ||
| 260 |
_aالقاهرة : _bالدار المصرية اللبنانية ، _c1993 |
||
| 300 |
_a171 ص ؛ _c24 سم |
||
| 490 | _a | ||
| 650 | 0 | 4 | _aالترانزستور |
| 650 | 0 | 4 | _aالدوائر |
| 650 | 0 | 4 | _aالدوائر الالكترونية |
| 942 |
_2ddc _cBK |
||
| 999 |
_c58399 _d58399 |
||